00934nam a22002417a 450000500170000001000130001702000220003003500130005203700160006504000120008108200350009310000430012824500710017124600370024225000430027926000810032227001080040330000520051165000490056365000390061265000240065165000170067520170124102948.0 aB-072440 c50.00a8188125083 aB-072440 bCen Lib/Ret aDPLbHN a822bनरेन्द्र  aनरेन्द्र मोहन  aसींगधारी /cनरेन्द्र मोहन  aSeengdhari /bby Narendra Mohan  aदूसरा संस्करण  aनयी दिल्ली bजगतराम एंड संस c2002 bनयी दिल्ली a24/4855, अंसारी रोड, दरियागंज e110002 a75पृ. c17सेमी (सजिल्द) aहिन्दी -- साहित्य  aहिन्दी -- नाटक aHindi -- literature aHindi - Play